Statystyki dla Kraje na Równiku

Kliknij tutaj aby rozwiązać quiz!

Ogólne statystyki

  • Ten quiz został rozwiązany 200 razy
  • Średni wynik to 8 z 11

Statystyki odpowiedzi

KontynentKraj% Poprawnych
Ameryka PołudniowaBrazylia
98%
Ameryka PołudniowaKolumbia
88%
AfrykaDemokratyczna Republika Konga
87%
Ameryka PołudniowaEkwador
85%
AzjaIndonezja
82%
AfrykaKongo
82%
AfrykaKenia
71%
AfrykaSomalia
66%
AfrykaGabon
65%
AfrykaUganda
61%
AfrykaWyspy Świętego Tomasza
30%

Rozkład punktacji

Percentyl według liczby udzielonych odpowiedzi

Procent ludzi z każdym wynikiem

Twoja historia wyników

Nie rozwiązałeś tego quizu